Quizzes
Events
Quiz Creation
Community
Videos
Private Events
Remove Ads
Sign In
Join for FREE
Feedback
Dark Mode
Quiz Categories
Sports
Geography
Music
Movies
Television
Just For Fun
Miscellaneous
History
Literature
Language
Science
Gaming
Entertainment
Religion
Holiday
For Kids
Quiz Lab
Recent
Popular Today
Quiz Kudos Today
Editor Picks
Curator Picks
Quizzes by...
Day
Popularity
Type
Ratings
Length
Year
Community
Subscriptions
Recent Discussions
Orange Saloon
Badges
Playlists
Quests
Create
Leaderboards
Showdown
Live 5
Trivia Bingo
Activity
Puzzle Library
Sporcle Events
Private Events
Virtual Trivia
Globe League
Become a Host
Pub Owners
SporcleCon
Opinionation
Our Games
Videos
Blog
Mobile Apps
Partnerships
Remove Ads and Go Orange
Feedback
Sports
Athletes
MLB
NBA
NHL
NFL
Soccer
Sports Teams
WWE
NCAA
Football
Premier League
Basketball
Baseball
Hockey
Golf
Tennis
Cricket
Rugby
Auto Racing
Olympics
World Cup
Sports
Athletes
MLB
NBA
NHL
NFL
Soccer
Sports Teams
WWE
NCAA
Football
Premier League
Basketball
Baseball
Hockey
Golf
Tennis
Cricket
Rugby
Auto Racing
Olympics
World Cup
Random Quiz
Search Sporcle
×
Quiz Lab
Quiz Lab
Sports
NBA
Type in answers that appear in a list
Type in answers that appear in a list
Classic
Best Score? Go Orange.
2003 NBA Draft Stats
Can you name the players selected in the first round of the 2003 NBA Draft?
By
cheeks9441
10m
29 Questions
6,229 Plays
6,229 Plays
6,229 Plays
Comments
Comments
Give Quiz Kudos
Give Quiz Kudos
-
- Ratings
hide this ad
Replay
Link that replays current quiz
Next Quiz
Link to next quiz in quiz playlist
You Got
0%
They Got
Avg Score
34%
Avg Friend Score
Upgrade to see
Score Distribution
Jump to the score distribution portion of the page
Score
0/29
Timer
10:00
2
Plays Today
Team
Player
% Correct
1. Cavaliers
LeBron James
99.7%
3. Nuggets
Carmelo Anthony
97.2%
5. Heat
Dwyane Wade
96.8%
4. Raptors
Chris Bosh
93.7%
2. Pistons
Darko Milicic
79.4%
7. Bulls
Kirk Hinrich
55.5%
6. Clippers
Chris Kaman
52.6%
8. Bucks
T.J. Ford
39.8%
18. Hornets
David West
39.7%
12. SuperSonics
Nick Collison
34.8%
29. Mavericks
Josh Howard
32.7%
14. SuperSonics
Luke Ridnour
26%
9. Knicks
Michael Sweetney
23.3%
11. Warriors
Mickael Pietrus
23%
20. Celtics
Dahntay Jones
21.9%
Team
Player
% Correct
21. Hawks
Boris Diaw
20.6%
10. Wizards
Jarvis Hayes
19.1%
28. Spurs
Leandro Barbosa
18.7%
23. Trail Blazers
Travis Outlaw
15.8%
16. Celtics
Troy Bell
15.4%
24. Lakers
Brian Cook
15.3%
27. Grizzlies
Kendrick Perkins
14.1%
25. Pistons
Carlos Delfino
12.6%
26. Timberwolves
Ndudi Ebi
11.2%
15. Magic
Reece Gaines
9.8%
13. Grizzlies
Marcus Banks
9%
22. Nets
Zoran Planinic
5.3%
19. Jazz
Sasha Pavlovic
5%
17. Suns
Zarko Cabarkapa
4.8%
Quiz Playlist
Details
Report
Send in Message
Add To Playlist
Classic:
Type in answers that appear in a list
Last Updated: Jul 17, 2017
Quiz Scoreboard
CHALLENGE
Sign Up to Join the Scoreboard
Show All
Scores
Hide
Comments
May contain spoilers
Recently Published
Presidents Visiting Landmarks
by Hejman
History
7m
An Introduction to Baseball
by treessimontrees
Sports
5m
Movies - When Are They Set?
by FPL_Elf
Movies
5m
More to Explore
Quiz From the Vault
Featured Blog Post
Where Did the Easter Bunny Come From?
hide this ad
You Might Also Like...
Tags
Basketball Quiz
NBA Quiz
2003
Draft
Player
round
Selected
team
Today's Top Quizzes in Sports
Browse Sports
hide this ad
Today's Top Quizzes in NBA
Browse NBA
Top Contributed Quizzes in Sports
1
Les meilleurs buteurs des matchs entre le PSG et l’OM
2
2022 World Cup Stars
3
FIFA Club World Cup Champions
4
Les entraîneurs de l'OM et du PSG au 21e siècle
5
Name the Premier League winners with different clubs
6
La finale Lions - Afrique du Sud 2021
7
5-to-1: UK Sports Teams
8
England Test cricketers to play under Nasser Hussain
9
Players with Multiple 50 Home Run Seasons
10
AFC Teams Reveal (Wrong Answers Minefield)
Explore More
Trending Topics
Marvel
Harry Potter
Anime
NBA
Crossword
Kpop
Disney
Song
Pokémon
WWE
Puzzle
Soccer
NFL
Country
The Office
hide this ad
More By:
cheeks9441
Quiz
Plays
Rating
Category
Featured
Created
2003 NBA Draft
6,228
4.47
Sports
Oct 1, 2009
NBA 82-game starters
4,704
4.28
Sports
Apr 18, 2010
Name that MLB Player
541
4.09
Sports
Oct 22, 2009
Players from the 2009 MLB playoffs
206
4.00
Sports
Nov 6, 2009
NCAA Tournament: Syracuse vs. NBA players
143
Sports
Mar 19, 2012
Go to Creator's Profile
Score Distribution
Quiz Creator Spotlight
cheeks9441
Follow
Send a Message
Quizzes Created
-
Created Quiz Play Count
-
More By This Creator
Popular Quizzes Today
1
Find the US States - No Outlines Minefield
2
Find the Countries of Europe - No Outlines Minefield
3
The Countries of the World
4
Find the US States
5
Popular People in 1961
6
US States
7
Risky Map Clicking: Biggest States A-Z
8
Movies - When Are They Set?
More Sports Quizzes
Draw the Chargers Logo
Curator's Pick
Trending Quizzes
Risky Map Clicking: Least Populous States A-Z
1-10 Letter G Words
1-10 Letter F Words
Risky Map Clicking: Next State Alphabetically
Risky Map Clicking: Biggest States A-Z
Recently Updated
Leaping Animals
pecheneg
Reality TV Shows (A-Z)
bhenderson79
Rickey Henderson's Hall of Fame Teammates
pecheneg
Champions League XIs: Arsenal
pecheneg
Quick Pick: Celebrities in WWE's Hall of Fame
aduchscher
A-Z Keypad Blitz II
pecheneg
Multiple Oscar Actors
pecheneg
Mystery Phrase Blitz: Oscar 'Best Actors'
pecheneg
F. Scott Fitzgerald Novels
LTH
Pick 3 Villains
ddd62291
Trending Topics
Kpop
Crossword
Disney
NBA
Anime
Harry Potter
Marvel
Pokémon
WWE
The Office
Country
NFL
Song
Soccer
Puzzle
Your Account Isn't Verified!
In order to create a playlist on Sporcle, you need to verify the email address you used during registration. Go to your
Sporcle Settings
to finish the process.
Report this User
Report this user for behavior that violates our
Community Guidelines
.
Details:
Send Report
Go to the Sporcle.com Mobile Site →
Comments